Social movements and social classes : the future of collective action
Αποθηκεύτηκε σε:
| Άλλοι συγγραφείς: | |
|---|---|
| Μορφή: | Βιβλίο |
| Γλώσσα: | English |
| Δημοσίευση: |
London :
Sage Publications,
c1995
|
| Σειρά: | Sage studies in international sociology ;
; 46 |
| Θέματα: | |
| Ετικέτες: |
Προσθήκη ετικέτας
Δεν υπάρχουν, Καταχωρήστε ετικέτα πρώτοι!
|
MARC
| LEADER | 00000nam a2200000 i 4500 | ||
|---|---|---|---|
| 001 | 1/66358 | ||
| 008 | 990115s1995 eng d | ||
| 020 | |a 0-8039-7953-3 | ||
| 035 | |l 10047292 | ||
| 040 | |a GR-MY-UA |b gre |e aacr | ||
| 041 | 0 | |a eng | |
| 082 | 0 | |a 303.484 | |
| 245 | 1 | 0 | |a Social movements and social classes : |b the future of collective action / |c edited by Louis Maheu |
| 260 | |a London : |b Sage Publications, |c c1995 | ||
| 300 | |a 280 p. | ||
| 490 | 1 | |a Sage studies in international sociology |v ; 46 | |
| 504 | |a Includes bibliographical references and index | ||
| 650 | 0 | 0 | |a Collective behavior. |
| 650 | 0 | 0 | |a Social classes. |
| 650 | 0 | 0 | |a Social movements. |
| 700 | 1 | |a Maheu, Louis. |4 edt | |
| 830 | 0 | |a Sage studies in international sociology ; |v ; 46 | |
| 852 | |a INST |b LESVOS |e 19990115 |h 303.484 SOC |p 005100018154 |q 005100018154 |t BK |y 0 | ||
| 901 | |a BIBL-1999-1 | ||
| 909 | |a Λ |b 061447 | ||
| 922 | |a 1ΕΛΗ |b 199811 |c ΚΠΣ/ΤΚ |d ΠΑΠΑΣΩΤΗΡΙΟΥ | ||
| 950 | |a 103-1998-07-27 | ||